Grandes maestros de la pintura : Kandinsky /
保存先:
| 団体著者: | |
|---|---|
| その他の著者: | , |
| フォーマット: | 図書 |
| 言語: | スペイン語 |
| 出版事項: |
Barcelona, España : Guadalajara, México :
Sol 90 ; Público [dist.],
2008, c2008
|
| シリーズ: | (Grandes Maestros de la Pintura)
|
| 主題: | |
| タグ: |
タグなし, このレコードへの初めてのタグを付けませんか!
|
MARC
| LEADER | 00000nam^a2200000^a^4500 | ||
|---|---|---|---|
| 001 | 000367505 | ||
| 005 | 20250521000000.0 | ||
| 008 | 110121 20082008 | ||
| 009 | 20260310115741.51 | ||
| 020 | |a 978-84-9820-768-2 | ||
| 025 | |a Donación Juan Diego Castillo, 1 ejemplar | ||
| 037 | |a Acervo ITESO - Biblioteca | ||
| 041 | |a ESP | ||
| 082 | |a 759. |b GMP V. 18 | ||
| 110 | |a Sol 90 |e (idea original) | ||
| 240 | 1 | 1 | |a [Grandes maestros de la pintura] |
| 245 | 1 | 0 | |a Grandes maestros de la pintura : |b Kandinsky / |c Idea original de Sol 90 ; coord. de E. López ; investigación y texto de J. Soriano. |
| 264 | 4 | |a Barcelona, España : |b Sol 90 ; |a Guadalajara, México : |b Público [dist.], |c 2008, c2008 | |
| 300 | |a 60 p. | ||
| 336 | |a texto |b txt |2 rdacontenido | ||
| 337 | |a sin mediación |b n |2 rdamedio | ||
| 338 | |a volumen |b nc |2 rdasoporte | ||
| 440 | 1 | |a (Grandes Maestros de la Pintura) | |
| 649 | |a XX | ||
| 650 | |a Pintores Rusos | ||
| 650 | |a Artistas Rusos | ||
| 650 | |a Bauhaus - |x Historia y Crítica | ||
| 650 | |a Pintura Moderna - |x Historia y Crítica | ||
| 650 | |a Pintura Rusa - |x Historia y Crítica | ||
| 650 | |a Arte Abstracto - |x Historia y Crítica | ||
| 650 | |a Arte Moderno - |x Historia y Crítica | ||
| 650 | |a Arte Ruso - |x Historia y Crítica | ||
| 650 | |a Kandinsky, Vasily - |x Tema Principal | ||
| 740 | 0 | |a Kandinsky / |c Idea original de Sol 90 ; coord. de E. López ; investigación y texto de J. Soriano. | |
| 700 | |a López, Emilio |e (coordinación) | ||
| 700 | |a Soriano, Joan |e (investigación y texto) | ||
| 910 | |a Fondo Castillo-Martínez | ||
| 920 | |a Impresos - Libros | ||
| 930 | |a Fondos Especiales | ||
| 905 | |a 127 | ||
| 901 | |a 0500261314 |b IT2 |c ESP |i FXC D |u 20250521 | ||
| 902 | |a https://opac.biblio.iteso.mx/vufind/Record/000367505 | ||